000 00652nam0a22002291 4500
001 rc\1001657
005 20250622073144.0
035 _a(NLR Aleph) 006167890
090 _a5932842
_c5932842
100 _a20041129d1981 |||y0rusy50 ca
101 0 _arus
102 _aRU
105 _ay |||||||||
200 1 _aСемья в социалистическом обществе
210 _aМ.
_cПолитиздат
_d1981
215 _a63 с.
_d20
700 1 _aСоловьев
_bН.Я.
_f1918-1988
_gНиколай Яковлевич
801 0 _aRU
_bNLR
_gpsbo
801 1 _aRU
_bELAR
_2rusmarc
852 _aNLR
_j81-4/25931
942 _cBOOK
980 _aNB